[Event "SVK-ch U10"]
[Site "Tatralandia"]
[Date "2015.04.18"]
[Round "1"]
[White "Kotora, Marko"]
[Black "Sobek, Michal"]
[Result "0-1"]
[WhiteElo "1148"]
[BlackElo "1919"]
[PlyCount "66"]
[EventDate "2015.04.18"]
[EventType "swiss"]
[EventRounds "9"]
[EventCountry "SVK"]
[SourceTitle "CBM 166 Extra"]
[Source "ChessBase"]
[SourceDate "2015.06.18"]
[SourceVersion "1"]
[SourceVersionDate "2015.06.18"]
[SourceQuality "1"]

1. e4 e5 2. Nf3 Nc6 3. Bc4 Nf6 4. Ng5 d5 5. exd5 Na5 6. Bb5+ c6 7. dxc6 bxc6 8. Be2 h6 9. Nh3 Bc5 10. Nc3 Qd4 11. d3 Bxh3 12. Be3 Qh4 13. Bxc5 Bxg2 14. Rg1 Qxh2 15. f3 Rd8 16. Bf1 Bxf1 17. Rxf1 Nb7 18. Bxa7 0-0 19. Qe2 Qh4+ 20. Bf2 Qb4 21. 0-0-0 Nd6 22. Be1 Rb8 23. Qxe5 Qxb2+ 24. Kd2 Nc4+ 25. dxc4 Rfd8+ 26. Ke2 Re8 27. Qxe8+ Rxe8+ 28. Kf2 Qxc2+ 29. Bd2 Rd8 30. Ke2 Rxd2+ 31. Rxd2 Qxc3 32. Rd8+ Kh7 33. Rd6 Qe5+ 0-1

[Event "SVK-ch U08"]
[Site "Lubovna"]
[Date "2013.04.11"]
[Round "7"]
[White "Sobek, Michal"]
[Black "Kotora, Marko"]
[Result "1-0"]
[WhiteElo "1000"]
[BlackElo "1000"]
[PlyCount "93"]
[EventDate "2013.04.06"]
[EventType "swiss"]
[EventRounds "9"]
[EventCountry "SVK"]
[SourceTitle "CBM 153 Extra"]
[Source "ChessBase"]
[SourceDate "2013.04.22"]
[SourceVersion "1"]
[SourceVersionDate "2013.04.22"]
[SourceQuality "1"]

1. e4 Nc6 2. Nf3 Nf6 3. Nc3 e5 4. Bc4 Qe7 5. 0-0 Qc5 6. d3 Bd6 7. Bg5 Be7 8. Qd2 0-0 9. Be3 Qd6 10. Nb5 Qb4 11. Qxb4 Bxb4 12. Nxc7 Rb8 13. Nd5 Ne8 14. Nxb4 Nxb4 15. Bxa7 Ra8 16. Bc5 Nxc2 17. Rac1 d6 18. Bb6 Nb4 19. Ra1 Nc2 20. Rac1 Nb4 21. a3 Nc6 22. Rfd1 Nf6 23. Bb5 Ne7 24. d4 Nxe4 25. dxe5 dxe5 26. Nxe5 Nf5 27. Bd3 Ra4 28. Rc4 Ra6 29. Be3 Be6 30. Rxe4 Ra5 31. Nc4 Bxc4 32. Rxc4 Raa8 33. Bxf5 g6 34. Be4 b5 35. Rb4 Rab8 36. Ba7 Rbc8 37. Rxb5 Rfe8 38. f3 Kg7 39. Kf2 Kh6 40. g4 g5 41. Be3 f6 42. Rd6 Rf8 43. h4 Rg8 44. Rxf6+ Kg7 45. hxg5 Rcd8 46. Rb7+ Kh8 47. Rh6 1-0

[Event "SVK-ch U08"]
[Site "Lubovna"]
[Date "2013.04.08"]
[Round "4"]
[White "Kotora, Marko"]
[Black "Mally, Andrej"]
[Result "0-1"]
[WhiteElo "1000"]
[BlackElo "1000"]
[PlyCount "22"]
[EventDate "2013.04.06"]
[EventType "swiss"]
[EventRounds "9"]
[EventCountry "SVK"]
[SourceTitle "CBM 153 Extra"]
[Source "ChessBase"]
[SourceDate "2013.04.22"]
[SourceVersion "1"]
[SourceVersionDate "2013.04.22"]
[SourceQuality "1"]

1. d4 d5 2. e3 e6 3. Nh3 Nf6 4. Bd3 Bb4+ 5. c3 Ba5 6. b4 Bb6 7. 0-0 0-0 8. a4 c6 9. a5 Bc7 10. b5 Qd6 11. bxc6 Qxh2# 0-1